| 000 | 00729nam a22001817a 4500 | ||
|---|---|---|---|
| 008 | 111213t xxu||||| |||| 00| 0 eng d | ||
| 020 | _a0470968982 | ||
| 050 | _aHB141.W9 | ||
| 100 | _aWynn, R.F. | ||
| 245 |
_aAn introduction to applied econometric analysis / _cR.F. Wynn and K. Holden, |
||
| 260 |
_aNew York: _bJohn Wiley and Sons, _cc1974. |
||
| 300 |
_ax, 245 p. _bill. _c24cm. |
||
| 500 | _aIncludes index. | ||
| 505 | _aContents: Introduction -- Investment -- The Production function -- Wage-price models -- Macro-economic models I: The Specification problem and related issues -- Macro-economic models II: The Preparation and analysis of forecasts. | ||
| 650 | _aEconometric. | ||
| 700 | _aHolden, K. | ||
| 942 |
_2lcc _cBK |
||
| 999 |
_c387 _d7887 |
||